00302nam a22001097a 4500020001800000040000900018082001600027100002300043245004400066260003800110650004400148 a9780070295560 cNust a621.89bHAM aBernard H, Hamrock aFundamentals of fluid film lubrications aHightstown:bMcGraw Hill,c1994. aFundamentals of fluid film lubrications